[Event "DVM U20 2021"]
[Site "Kiel GER"]
[Date "2022.07.25"]
[Round "6"]
[White "Rothenberg, Jannik"]
[Black "Gluma, Christian"]
[Result "0-1"]
[Termination "normal"]
[Board "4.5"]
[WhiteElo "1889"]
[BlackElo "2044"]
[WhiteClock "00:01:18"]
[BlackClock "00:13:23"]
[WhiteTeam "Post SV Uelzen"]
[BlackTeam "Schachgesellschaft Bochum 1931"]
[PlyCount "66"]
[WhiteFideId "16204743"]
[BlackFideId "16223209"]
[EventCountry "GER"]
[EventRounds "7"]
[EventType "team-swiss"]
[EventDate "2022.07.22"]

1. d4 {[%clk 01:30:57]} {[%emt 00:00:02]} g6 {[%clk 01:30:54]} {[%emt
00:00:06]} 2. c4 {[%clk 01:31:02]} {[%emt 00:00:25]} Bg7 {[%clk 01:31:19]}
{[%emt 00:00:04]} 3. Nc3 {[%clk 01:31:12]} {[%emt 00:00:21]} d6 {[%clk
01:31:43]} {[%emt 00:00:06]} 4. e4 {[%clk 01:31:11]} {[%emt 00:00:31]} e5
{[%clk 01:32:05]} {[%emt 00:00:08]} 5. Nf3 {[%clk 01:29:14]} {[%emt 00:02:27]}
exd4 {[%clk 01:31:47]} {[%emt 00:00:48]} 6. Nxd4 {[%clk 01:28:58]} {[%emt
00:00:46]} Nc6 {[%clk 01:31:22]} {[%emt 00:00:54]} 7. Be3 {[%clk 01:27:35]}
{[%emt 00:01:54]} Nge7 {[%clk 01:31:24]} {[%emt 00:00:29]} 8. Qd2 {[%clk
01:17:23]} {[%emt 00:10:42]} O-O {[%clk 01:29:39]} {[%emt 00:02:14]} 9. O-O-O
{[%clk 01:12:15]} {[%emt 00:05:38]} a6 {[%clk 01:23:05]} {[%emt 00:07:04]} 10.
g3 {[%clk 01:08:18]} {[%emt 00:04:27]} Bd7 {[%clk 01:16:04]} {[%emt 00:07:31]}
11. Nd5 {[%clk 01:01:42]} {[%emt 00:07:06]} Nxd5 {[%clk 01:08:02]} {[%emt
00:08:33]} 12. exd5 {[%clk 00:57:48]} {[%emt 00:04:23]} Ne5 {[%clk 01:07:00]}
{[%emt 00:01:31]} 13. Be2 {[%clk 00:55:04]} {[%emt 00:03:14]} Re8 {[%clk
00:58:34]} {[%emt 00:08:57]} 14. h3 {[%clk 00:49:26]} {[%emt 00:06:08]} c5
{[%clk 00:51:06]} {[%emt 00:07:57]} 15. dxc6 {[%clk 00:43:12]} {[%emt
00:06:45]} Nxc6 {[%clk 00:50:46]} {[%emt 00:00:50]} 16. Nxc6 {[%clk 00:36:45]}
{[%emt 00:06:57]} Bxc6 {[%clk 00:51:10]} {[%emt 00:00:05]} 17. Rhe1 {[%clk
00:36:14]} {[%emt 00:01:01]} Rc8 {[%clk 00:45:47]} {[%emt 00:05:54]} 18. Kb1
{[%clk 00:32:24]} {[%emt 00:04:20]} Qf6 {[%clk 00:42:17]} {[%emt 00:03:59]} 19.
Bg4 {[%clk 00:29:23]} {[%emt 00:03:32]} Be4+ {[%clk 00:34:33]} {[%emt
00:08:14]} 20. Ka1 {[%clk 00:29:15]} {[%emt 00:00:38]} Rxc4 {[%clk 00:31:16]}
{[%emt 00:03:47]} 21. Rc1 {[%clk 00:25:24]} {[%emt 00:04:21]} Rxc1+ {[%clk
00:28:15]} {[%emt 00:03:31]} 22. Rxc1 {[%clk 00:24:42]} {[%emt 00:01:13]} Bc6
{[%clk 00:24:40]} {[%emt 00:04:03]} 23. a3 {[%clk 00:14:54]} {[%emt 00:10:18]}
d5 {[%clk 00:22:16]} {[%emt 00:02:54]} 24. Rd1 {[%clk 00:08:27]} {[%emt
00:06:58]} h5 {[%clk 00:21:20]} {[%emt 00:01:26]} 25. Bg5 {[%clk 00:07:07]}
{[%emt 00:01:50]} Qd6 {[%clk 00:21:28]} {[%emt 00:00:21]} 26. Be2 {[%clk
00:06:20]} {[%emt 00:01:18]} Qxa3+ {[%clk 00:21:26]} {[%emt 00:00:32]} 27. Kb1
{[%clk 00:06:44]} {[%emt 00:00:05]} Qb3 {[%clk 00:21:09]} {[%emt 00:00:46]} 28.
Bf1 {[%clk 00:03:51]} {[%emt 00:03:24]} Bd7 {[%clk 00:19:29]} {[%emt 00:02:10]}
29. Bd3 {[%clk 00:02:50]} {[%emt 00:01:32]} Rc8 {[%clk 00:14:16]} {[%emt
00:05:42]} 30. Rc1 {[%clk 00:01:44]} {[%emt 00:01:36]} Rxc1+ {[%clk 00:14:07]}
{[%emt 00:00:39]} 31. Kxc1 {[%clk 00:02:06]} {[%emt 00:00:08]} Qa2 {[%clk
00:13:23]} {[%emt 00:01:14]} 32. Qb4 {[%clk 00:01:12]} {[%emt 00:01:24]} Qa1+
{[%clk 00:13:08]} {[%emt 00:00:45]} 33. Kc2 {[%clk 00:01:18]} {[%emt 00:00:25]}
Ba4+ {[%clk 00:13:23]} {[%emt 00:00:15]} 0-1

[Event "DVM U20 2021"]
[Site "Kiel GER"]
[Date "2022.07.25"]
[Round "6"]
[White "Klugstedt, Vincent"]
[Black "Falke, Philipp"]
[Result "1/2-1/2"]
[Termination "normal"]
[Board "4.6"]
[WhiteElo "1877"]
[BlackElo "1508"]
[WhiteClock "00:09:53"]
[BlackClock "00:01:39"]
[WhiteTeam "Schachgesellschaft Bochum 1931"]
[BlackTeam "Post SV Uelzen"]
[PlyCount "77"]
[WhiteFideId "16216393"]
[BlackFideId "16294696"]
[EventCountry "GER"]
[EventRounds "7"]
[EventType "team-swiss"]
[EventDate "2022.07.22"]

1. d4 {[%clk 01:30:57]} {[%emt 00:00:03]} d5 {[%clk 01:30:43]} {[%emt
00:00:17]} 2. c4 {[%clk 01:31:06]} {[%emt 00:00:21]} e6 {[%clk 01:30:51]}
{[%emt 00:00:22]} 3. Nc3 {[%clk 01:31:27]} {[%emt 00:00:08]} Nf6 {[%clk
01:31:07]} {[%emt 00:00:15]} 4. Bg5 {[%clk 01:31:42]} {[%emt 00:00:15]} Be7
{[%clk 01:30:59]} {[%emt 00:00:38]} 5. e3 {[%clk 01:31:30]} {[%emt 00:00:42]}
O-O {[%clk 01:30:36]} {[%emt 00:00:53]} 6. Nf3 {[%clk 01:31:31]} {[%emt
00:00:30]} Nbd7 {[%clk 01:29:38]} {[%emt 00:01:27]} 7. Qc2 {[%clk 01:30:46]}
{[%emt 00:01:15]} c5 {[%clk 01:26:40]} {[%emt 00:03:27]} 8. Rd1 {[%clk
01:29:09]} {[%emt 00:02:08]} b6 {[%clk 01:19:46]} {[%emt 00:07:25]} 9. cxd5
{[%clk 01:24:20]} {[%emt 00:05:18]} Nxd5 {[%clk 01:05:15]} {[%emt 00:15:00]}
10. Bxe7 {[%clk 01:23:02]} {[%emt 00:01:49]} Nxe7 {[%clk 01:05:15]} {[%emt
00:00:31]} 11. dxc5 {[%clk 01:22:47]} {[%emt 00:00:45]} bxc5 {[%clk 01:04:06]}
{[%emt 00:01:38]} 12. Bd3 {[%clk 01:20:52]} {[%emt 00:02:25]} h6 {[%clk
01:02:23]} {[%emt 00:02:13]} 13. O-O {[%clk 01:20:03]} {[%emt 00:01:20]} Qc7
{[%clk 00:54:55]} {[%emt 00:07:57]} 14. Qa4 {[%clk 01:02:37]} {[%emt 00:17:55]}
Nf6 {[%clk 00:48:08]} {[%emt 00:07:17]} 15. Nb5 {[%clk 00:56:18]} {[%emt
00:06:50]} Bd7 {[%clk 00:41:26]} {[%emt 00:07:11]} 16. Nxc7 {[%clk 00:43:24]}
{[%emt 00:13:25]} Bxa4 {[%clk 00:41:40]} {[%emt 00:00:16]} 17. b3 {[%clk
00:39:43]} {[%emt 00:04:11]} Rac8 {[%clk 00:39:43]} {[%emt 00:02:26]} 18. Nxe6
{[%clk 00:37:08]} {[%emt 00:03:06]} Bxb3 {[%clk 00:35:53]} {[%emt 00:04:20]}
19. axb3 {[%clk 00:37:02]} {[%emt 00:00:36]} fxe6 {[%clk 00:36:09]} {[%emt
00:00:14]} 20. Bc4 {[%clk 00:37:09]} {[%emt 00:00:23]} Ned5 {[%clk 00:33:30]}
{[%emt 00:03:08]} 21. e4 {[%clk 00:31:15]} {[%emt 00:06:25]} Nxe4 {[%clk
00:29:04]} {[%emt 00:04:55]} 22. Rxd5 {[%clk 00:31:29]} {[%emt 00:00:17]} exd5
{[%clk 00:28:25]} {[%emt 00:01:09]} 23. Bxd5+ {[%clk 00:31:53]} {[%emt
00:00:06]} Kh8 {[%clk 00:28:36]} {[%emt 00:00:19]} 24. Bxe4 {[%clk 00:32:16]}
{[%emt 00:00:08]} c4 {[%clk 00:27:04]} {[%emt 00:02:00]} 25. Ne5 {[%clk
00:30:15]} {[%emt 00:02:31]} Rfe8 {[%clk 00:12:23]} {[%emt 00:15:11]} 26. Nf7+
{[%clk 00:30:04]} {[%emt 00:00:42]} Kg8 {[%clk 00:12:41]} {[%emt 00:00:12]} 27.
Nd6 {[%clk 00:26:31]} {[%emt 00:04:03]} Rxe4 {[%clk 00:12:16]} {[%emt
00:00:55]} 28. Nxe4 {[%clk 00:26:46]} {[%emt 00:00:15]} cxb3 {[%clk 00:12:34]}
{[%emt 00:00:12]} 29. Nd2 {[%clk 00:24:51]} {[%emt 00:02:25]} b2 {[%clk
00:11:47]} {[%emt 00:01:16]} 30. f4 {[%clk 00:18:48]} {[%emt 00:06:34]} a5
{[%clk 00:08:43]} {[%emt 00:03:34]} 31. Kf2 {[%clk 00:16:42]} {[%emt 00:02:35]}
Rc1 {[%clk 00:06:45]} {[%emt 00:02:27]} 32. Nb1 {[%clk 00:13:18]} {[%emt
00:03:56]} a4 {[%clk 00:05:37]} {[%emt 00:01:38]} 33. Na3 {[%clk 00:12:37]}
{[%emt 00:01:11]} Ra1 {[%clk 00:05:20]} {[%emt 00:00:46]} 34. Rb1 {[%clk
00:11:44]} {[%emt 00:01:24]} Rxa3 {[%clk 00:04:45]} {[%emt 00:01:05]} 35. Rxb2
{[%clk 00:12:01]} {[%emt 00:00:13]} Rb3 {[%clk 00:03:30]} {[%emt 00:01:44]} 36.
Rc2 {[%clk 00:11:52]} {[%emt 00:00:39]} a3 {[%clk 00:03:08]} {[%emt 00:00:52]}
37. Rc7 {[%clk 00:11:03]} {[%emt 00:01:19]} Rb4 {[%clk 00:02:10]} {[%emt
00:01:29]} 38. Ra7 {[%clk 00:11:02]} {[%emt 00:00:30]} Rb3 {[%clk 00:01:39]}
{[%emt 00:01:02]} 39. g3 {[%clk 00:09:53]} {[%emt 00:01:38]} 1/2-1/2

[Event "DVM U20 2021"]
[Site "Kiel GER"]
[Date "2022.07.25"]
[Round "6"]
[White "Koll, Lukas"]
[Black "Melde, Benjamin"]
[Result "1-0"]
[Termination "normal"]
[Board "5.1"]
[WhiteElo "2060"]
[BlackElo "2147"]
[WhiteClock "00:14:40"]
[BlackClock "00:00:43"]
[WhiteTeam "Karlsruher SF 1853"]
[BlackTeam "Schachfreunde Essen-Katernberg 04/32 e. V."]
[PlyCount "71"]
[WhiteFideId "12969737"]
[BlackFideId "12958816"]
[EventCountry "GER"]
[EventRounds "7"]
[EventType "team-swiss"]
[EventDate "2022.07.22"]

1. c4 {[%clk 01:30:58]} {[%emt 00:00:02]} e5 {[%clk 01:30:58]} {[%emt
00:00:02]} 2. g3 {[%clk 01:31:19]} {[%emt 00:00:09]} Nf6 {[%clk 01:29:33]}
{[%emt 00:01:55]} 3. Bg2 {[%clk 01:31:15]} {[%emt 00:00:35]} c6 {[%clk
01:29:56]} {[%emt 00:00:06]} 4. d4 {[%clk 01:31:33]} {[%emt 00:00:12]} e4
{[%clk 01:30:18]} {[%emt 00:00:08]} 5. Nc3 {[%clk 01:30:45]} {[%emt 00:01:18]}
d5 {[%clk 01:30:41]} {[%emt 00:00:06]} 6. Bg5 {[%clk 01:31:01]} {[%emt
00:00:14]} Bb4 {[%clk 01:31:04]} {[%emt 00:00:07]} 7. e3 {[%clk 01:28:10]}
{[%emt 00:03:21]} Nbd7 {[%clk 01:28:14]} {[%emt 00:03:20]} 8. Nge2 {[%clk
01:28:14]} {[%emt 00:00:26]} O-O {[%clk 01:28:10]} {[%emt 00:00:34]} 9. O-O
{[%clk 01:27:46]} {[%emt 00:00:58]} h6 {[%clk 01:28:34]} {[%emt 00:00:06]} 10.
Bxf6 {[%clk 01:28:01]} {[%emt 00:00:15]} Nxf6 {[%clk 01:29:01]} {[%emt
00:00:02]} 11. a3 {[%clk 01:26:58]} {[%emt 00:01:34]} Be7 {[%clk 01:27:28]}
{[%emt 00:02:02]} 12. b4 {[%clk 01:25:18]} {[%emt 00:02:10]} Re8 {[%clk
01:23:43]} {[%emt 00:04:15]} 13. cxd5 {[%clk 01:15:27]} {[%emt 00:10:22]} cxd5
{[%clk 01:24:01]} {[%emt 00:00:11]} 14. Qb3 {[%clk 01:15:49]} {[%emt 00:00:07]}
g5 {[%clk 01:23:50]} {[%emt 00:00:41]} 15. Rac1 {[%clk 01:03:41]} {[%emt
00:12:39]} Bg4 {[%clk 01:09:15]} {[%emt 00:15:05]} 16. f3 {[%clk 01:00:48]}
{[%emt 00:03:24]} exf3 {[%clk 01:09:00]} {[%emt 00:00:44]} 17. Bxf3 {[%clk
01:01:14]} {[%emt 00:00:05]} Qd7 {[%clk 01:09:09]} {[%emt 00:00:21]} 18. Nxd5
{[%clk 00:50:19]} {[%emt 00:11:25]} Nxd5 {[%clk 01:08:10]} {[%emt 00:01:28]}
19. Qxd5 {[%clk 00:50:05]} {[%emt 00:00:45]} Qxd5 {[%clk 00:16:41]} {[%emt
00:51:59]} 20. Bxd5 {[%clk 00:46:35]} {[%emt 00:04:00]} Bxe2 {[%clk 00:17:05]}
{[%emt 00:00:06]} 21. Rxf7 {[%clk 00:45:02]} {[%emt 00:02:03]} Kh8 {[%clk
00:17:28]} {[%emt 00:00:06]} 22. Rc7 {[%clk 00:42:18]} {[%emt 00:03:14]} Rad8
{[%clk 00:17:50]} {[%emt 00:00:07]} 23. Bb3 {[%clk 00:39:56]} {[%emt 00:02:52]}
Rc8 {[%clk 00:18:14]} {[%emt 00:00:07]} 24. Rcxe7 {[%clk 00:37:08]} {[%emt
00:03:19]} Rxe7 {[%clk 00:18:36]} {[%emt 00:00:07]} 25. Rxe7 {[%clk 00:37:33]}
{[%emt 00:00:05]} Rc3 {[%clk 00:09:23]} {[%emt 00:09:43]} 26. Bd5 {[%clk
00:31:22]} {[%emt 00:06:40]} Rxa3 {[%clk 00:07:20]} {[%emt 00:02:33]} 27. Bxb7
{[%clk 00:31:01]} {[%emt 00:00:52]} Kg8 {[%clk 00:06:14]} {[%emt 00:01:35]} 28.
Bc6 {[%clk 00:27:19]} {[%emt 00:04:12]} Kf8 {[%clk 00:05:27]} {[%emt 00:01:18]}
29. Re8+ {[%clk 00:26:36]} {[%emt 00:01:12]} Kf7 {[%clk 00:05:10]} {[%emt
00:00:46]} 30. b5 {[%clk 00:26:47]} {[%emt 00:00:20]} Bf3 {[%clk 00:01:38]}
{[%emt 00:04:03]} 31. Re5 {[%clk 00:26:39]} {[%emt 00:00:38]} Bg4 {[%clk
00:01:22]} {[%emt 00:00:46]} 32. e4 {[%clk 00:18:55]} {[%emt 00:08:14]} Rf3
{[%clk 00:00:40]} {[%emt 00:01:12]} 33. Rc5 {[%clk 00:17:57]} {[%emt 00:01:28]}
Bh3 {[%clk 00:00:37]} {[%emt 00:00:33]} 34. Rc1 {[%clk 00:18:07]} {[%emt
00:00:20]} Ke6 {[%clk 00:00:56]} {[%emt 00:00:11]} 35. Bb7 {[%clk 00:16:58]}
{[%emt 00:01:39]} Ke7 {[%clk 00:00:43]} {[%emt 00:00:44]} 36. Re1 {[%clk
00:14:40]} {[%emt 00:02:47]} 1-0

[Event "DVM U20 2021"]
[Site "Kiel GER"]
[Date "2022.07.25"]
[Round "6"]
[White "Irkilmez, Yakub"]
[Black "Fidlin, Simon"]
[Result "0-1"]
[Termination "normal"]
[Board "5.2"]
[WhiteElo "2119"]
[BlackElo "2013"]
[WhiteClock "00:31:00"]
[BlackClock "00:56:40"]
[WhiteTeam "Schachfreunde Essen-Katernberg 04/32 e. V."]
[BlackTeam "Karlsruher SF 1853"]
[PlyCount "98"]
[WhiteFideId "16204581"]
[BlackFideId "16217535"]
[EventCountry "GER"]
[EventRounds "7"]
[EventType "team-swiss"]
[EventDate "2022.07.22"]

1. d4 {[%clk 01:30:55]} {[%emt 00:00:04]} Nf6 {[%clk 01:30:41]} {[%emt
00:00:19]} 2. c4 {[%clk 01:28:45]} {[%emt 00:02:41]} g6 {[%clk 01:31:03]}
{[%emt 00:00:08]} 3. Nc3 {[%clk 01:29:09]} {[%emt 00:00:06]} d5 {[%clk
01:31:27]} {[%emt 00:00:05]} 4. Nf3 {[%clk 01:29:34]} {[%emt 00:00:06]} Bg7
{[%clk 01:31:51]} {[%emt 00:00:05]} 5. h4 {[%clk 01:29:59]} {[%emt 00:00:06]}
c5 {[%clk 01:29:24]} {[%emt 00:02:56]} 6. cxd5 {[%clk 01:22:10]} {[%emt
00:08:19]} Nxd5 {[%clk 01:28:25]} {[%emt 00:01:29]} 7. h5 {[%clk 01:19:36]}
{[%emt 00:03:03]} Nxc3 {[%clk 01:21:22]} {[%emt 00:07:32]} 8. bxc3 {[%clk
01:19:07]} {[%emt 00:01:00]} O-O {[%clk 01:20:13]} {[%emt 00:01:39]} 9. hxg6
{[%clk 01:18:41]} {[%emt 00:00:56]} fxg6 {[%clk 01:19:04]} {[%emt 00:01:38]}
10. e3 {[%clk 01:17:20]} {[%emt 00:01:51]} Qd5 {[%clk 00:55:33]} {[%emt
00:24:01]} 11. Rh4 {[%clk 00:47:16]} {[%emt 00:30:34]} Nc6 {[%clk 00:47:02]}
{[%emt 00:09:01]} 12. Qa4 {[%clk 00:27:53]} {[%emt 00:19:52]} Be6 {[%clk
00:35:02]} {[%emt 00:12:31]} 13. Bd2 {[%clk 00:20:52]} {[%emt 00:07:31]} a6
{[%clk 00:31:23]} {[%emt 00:04:08]} 14. e4 {[%clk 00:11:48]} {[%emt 00:09:34]}
Qd7 {[%clk 00:31:31]} {[%emt 00:00:21]} 15. d5 {[%clk 00:11:34]} {[%emt
00:00:44]} Ne5 {[%clk 00:31:16]} {[%emt 00:00:45]} 16. Qxd7 {[%clk 00:08:22]}
{[%emt 00:03:42]} Bxd7 {[%clk 00:30:21]} {[%emt 00:01:25]} 17. Nxe5 {[%clk
00:07:11]} {[%emt 00:01:41]} Bxe5 {[%clk 00:30:46]} {[%emt 00:00:05]} 18. Rb1
{[%clk 00:06:56]} {[%emt 00:00:45]} b5 {[%clk 00:30:55]} {[%emt 00:00:20]} 19.
f4 {[%clk 00:05:43]} {[%emt 00:01:44]} g5 {[%clk 00:30:27]} {[%emt 00:00:59]}
20. fxe5 {[%clk 00:04:53]} {[%emt 00:01:19]} gxh4 {[%clk 00:30:49]} {[%emt
00:00:07]} 21. e6 {[%clk 00:04:51]} {[%emt 00:00:32]} Be8 {[%clk 00:31:10]}
{[%emt 00:00:10]} 22. Bg5 {[%clk 00:03:20]} {[%emt 00:02:02]} Ra7 {[%clk
00:31:20]} {[%emt 00:00:19]} 23. Bd3 {[%clk 00:00:46]} {[%emt 00:03:04]} h3
{[%clk 00:31:26]} {[%emt 00:00:24]} 24. gxh3 {[%clk 00:00:44]} {[%emt
00:00:32]} Rf3 {[%clk 00:31:49]} {[%emt 00:00:07]} 25. Kd2 {[%clk 00:00:43]}
{[%emt 00:00:31]} Bg6 {[%clk 00:30:48]} {[%emt 00:01:32]} 26. Re1 {[%clk
00:00:42]} {[%emt 00:00:30]} c4 {[%clk 00:30:18]} {[%emt 00:01:00]} 27. Bb1
{[%clk 00:00:33]} {[%emt 00:00:39]} a5 {[%clk 00:29:55]} {[%emt 00:00:53]} 28.
Re3 {[%clk 00:00:39]} {[%emt 00:00:24]} Rf2+ {[%clk 00:28:59]} {[%emt
00:01:25]} 29. Re2 {[%clk 00:01:02]} {[%emt 00:00:08]} Rxe2+ {[%clk 00:28:51]}
{[%emt 00:00:37]} 30. Kxe2 {[%clk 00:01:28]} {[%emt 00:00:04]} b4 {[%clk
00:29:02]} {[%emt 00:00:19]} 31. Bd2 {[%clk 00:00:50]} {[%emt 00:01:08]} Rb7
{[%clk 00:29:18]} {[%emt 00:00:13]} 32. Bc2 {[%clk 00:00:46]} {[%emt 00:00:35]}
b3 {[%clk 00:29:37]} {[%emt 00:00:10]} 33. Bb1 {[%clk 00:01:03]} {[%emt
00:00:13]} Bxe4 {[%clk 00:27:41]} {[%emt 00:02:25]} 34. Bxe4 {[%clk 00:01:13]}
{[%emt 00:00:21]} bxa2 {[%clk 00:28:06]} {[%emt 00:00:05]} 35. d6 {[%clk
00:01:32]} {[%emt 00:00:11]} Rb8 {[%clk 00:28:16]} {[%emt 00:00:20]} 36. d7
{[%clk 00:01:06]} {[%emt 00:00:56]} a1=Q {[%clk 00:28:38]} {[%emt 00:00:08]}
37. Bb7 {[%clk 00:01:28]} {[%emt 00:00:08]} Qa3 {[%clk 00:27:18]} {[%emt
00:01:50]} 38. Bc8 {[%clk 00:01:41]} {[%emt 00:00:17]} Qd6 {[%clk 00:27:30]}
{[%emt 00:00:18]} 39. Be3 {[%clk 00:00:54]} {[%emt 00:01:17]} Rb2+ {[%clk
00:24:09]} {[%emt 00:03:51]} 40. Kf3 {[%clk 00:01:10]} {[%emt 00:00:14]} Qd5+
{[%clk 00:24:08]} {[%emt 00:00:31]} 41. Kf4 {[%clk 00:01:30]} {[%emt 00:00:10]}
Rb1 {[%clk 00:24:18]} {[%emt 00:00:20]} 42. Kg3 {[%clk 00:01:06]} {[%emt
00:00:55]} Rd1 {[%clk 00:24:25]} {[%emt 00:00:22]} 43. Bf4 {[%clk 00:29:15]}
{[%emt 00:02:22]} Rd3+ {[%clk 00:54:38]} {[%emt 00:00:17]} 44. Kh4 {[%clk
00:29:35]} {[%emt 00:00:10]} Qf5 {[%clk 00:54:40]} {[%emt 00:00:28]} 45. Bg3
{[%clk 00:29:26]} {[%emt 00:00:39]} Qf6+ {[%clk 00:55:05]} {[%emt 00:00:06]}
46. Kg4 {[%clk 00:29:49]} {[%emt 00:00:08]} Qg6+ {[%clk 00:55:27]} {[%emt
00:00:07]} 47. Kf4 {[%clk 00:30:10]} {[%emt 00:00:09]} Qxg3+ {[%clk 00:55:50]}
{[%emt 00:00:06]} 48. Ke4 {[%clk 00:30:35]} {[%emt 00:00:05]} Qf3+ {[%clk
00:56:15]} {[%emt 00:00:06]} 49. Ke5 {[%clk 00:31:00]} {[%emt 00:00:05]} Rd5#
{[%clk 00:56:40]} {[%emt 00:00:06]} 0-1

[Event "DVM U20 2021"]
[Site "Kiel GER"]
[Date "2022.07.25"]
[Round "6"]
[White "Koll, Linus"]
[Black "Gorainow, Nikita"]
[Result "1/2-1/2"]
[Termination "normal"]
[Board "5.3"]
[WhiteElo "2033"]
[BlackElo "1987"]
[WhiteClock "00:04:26"]
[BlackClock "00:02:18"]
[WhiteTeam "Karlsruher SF 1853"]
[BlackTeam "Schachfreunde Essen-Katernberg 04/32 e. V."]
[PlyCount "58"]
[WhiteFideId "12990299"]
[BlackFideId "12970093"]
[EventCountry "GER"]
[EventRounds "7"]
[EventType "team-swiss"]
[EventDate "2022.07.22"]

1. e4 {[%clk 01:30:59]} {[%emt 00:00:01]} c5 {[%clk 01:30:56]} {[%emt
00:00:04]} 2. Nf3 {[%clk 01:31:24]} {[%emt 00:00:05]} Nc6 {[%clk 01:31:22]}
{[%emt 00:00:04]} 3. d4 {[%clk 01:31:51]} {[%emt 00:00:03]} cxd4 {[%emt
00:00:03]} 4. Nxd4 {[%emt 00:00:03]} g6 {[%clk 01:31:39]} {[%emt 00:00:06]} 5.
c4 {[%clk 01:31:59]} {[%emt 00:00:22]} Nf6 {[%clk 01:32:02]} {[%emt 00:00:06]}
6. Nc3 {[%clk 01:32:25]} {[%emt 00:00:05]} Nxd4 {[%clk 01:32:27]} {[%emt
00:00:05]} 7. Qxd4 {[%clk 01:32:44]} {[%emt 00:00:12]} d6 {[%clk 01:32:51]}
{[%emt 00:00:06]} 8. Be2 {[%clk 01:29:09]} {[%emt 00:04:05]} Bg7 {[%clk
01:33:16]} {[%emt 00:00:04]} 9. Be3 {[%clk 01:26:11]} {[%emt 00:03:27]} O-O
{[%clk 01:33:02]} {[%emt 00:00:44]} 10. Qd2 {[%clk 01:25:49]} {[%emt 00:00:52]}
a5 {[%clk 01:33:17]} {[%emt 00:00:15]} 11. O-O {[%clk 01:26:07]} {[%emt
00:00:12]} Bd7 {[%clk 01:32:42]} {[%emt 00:01:05]} 12. Bd4 {[%clk 01:25:31]}
{[%emt 00:01:06]} Bc6 {[%clk 01:23:18]} {[%emt 00:09:55]} 13. f3 {[%clk
01:19:29]} {[%emt 00:06:31]} a4 {[%clk 01:22:48]} {[%emt 00:01:00]} 14. Rad1
{[%clk 01:19:00]} {[%emt 00:00:59]} Nd7 {[%clk 01:12:46]} {[%emt 00:10:33]} 15.
b4 {[%clk 00:47:03]} {[%emt 00:32:27]} axb3 {[%clk 01:10:58]} {[%emt 00:02:17]}
16. axb3 {[%clk 00:46:53]} {[%emt 00:00:41]} Bxd4+ {[%clk 01:05:01]} {[%emt
00:06:27]} 17. Qxd4 {[%clk 00:47:17]} {[%emt 00:00:07]} Qa5 {[%clk 01:04:53]}
{[%emt 00:00:37]} 18. Nd5 {[%clk 00:30:52]} {[%emt 00:16:54]} Bxd5 {[%clk
01:05:18]} {[%emt 00:00:05]} 19. cxd5 {[%clk 00:31:07]} {[%emt 00:00:16]} Qa3
{[%clk 00:40:57]} {[%emt 00:24:52]} 20. b4 {[%clk 00:20:14]} {[%emt 00:11:23]}
Rfc8 {[%clk 00:20:05]} {[%emt 00:21:21]} 21. Ra1 {[%clk 00:18:54]} {[%emt
00:01:50]} Qb3 {[%clk 00:20:11]} {[%emt 00:00:24]} 22. Bd1 {[%clk 00:19:07]}
{[%emt 00:00:17]} e5 {[%clk 00:17:27]} {[%emt 00:03:14]} 23. dxe6 {[%clk
00:15:18]} {[%emt 00:04:19]} Qxe6 {[%clk 00:17:40]} {[%emt 00:00:17]} 24. Rxa8
{[%clk 00:15:34]} {[%emt 00:00:15]} Rxa8 {[%clk 00:18:04]} {[%emt 00:00:06]}
25. Be2 {[%clk 00:15:12]} {[%emt 00:00:53]} Ne5 {[%clk 00:13:47]} {[%emt
00:04:46]} 26. Rd1 {[%clk 00:14:37]} {[%emt 00:01:05]} Ra2 {[%clk 00:08:58]}
{[%emt 00:05:19]} 27. Bf1 {[%clk 00:09:02]} {[%emt 00:06:05]} Qb3 {[%clk
00:04:09]} {[%emt 00:05:20]} 28. Rc1 {[%clk 00:05:01]} {[%emt 00:04:31]} Nc6
{[%clk 00:03:01]} {[%emt 00:01:38]} 29. Qc3 {[%clk 00:04:26]} {[%emt 00:01:04]}
Qxb4 {[%clk 00:02:18]} {[%emt 00:01:12]} 1/2-1/2